Ricardo Camacho (Registro nro. 9419)

Detalles MARC
000 -CABECERA
Longitud fija campo de control 01692nam a22003857a 4500
003 - IDENTIFICADOR DEL NUMERO DE CONTROL
Identificador del número de control CO-BoRNBP
005 - FECHA Y HORA DE LA ULTIMA TRANSACCION
Fecha y hora de la última transacción 20230419205401.0
007 - CAMPO FIJO DE DESCRIPCION FISICA
Campo fijo de descripción física ta
008 - CODIGOS DE INFORMACION DE LONGITUD FIJA
Códigos de información de longitud fija 210909s2019 ck ao e 000 0dspa d
020 ## - NUMERO INTERNACIONAL NORMALIZADO PARA LIBROS
Número Internacional Normalizado para Libros (ISBN) 9789587533224
040 ## - FUENTE DE LA CATALOGACION
Centro catalogador de origen CO-BoRNBP
Lengua de catalogación spa
Normas de descripción rda
Centro transcriptor CO-BoRNBP
041 0# - CODIGO DE LENGUA
Código de lengua del texto/banda sonora o título independiente spa
043 ## - CODIGO DE AREA GEOGRAFICA
Código de área geográfica s-ck---
082 04 - NUMERO DE LA CLASIFICACION DECIMAL DEWEY
Número de clasificación (R) 927.92023
Número del ítem C15p
Número de edición 22
100 1# - PUNTO DE ACCESO PRINCIPAL-NOMBRE DE PERSONA
Nombre de persona Pulecio Mariño, Enrique
Término indicativo de función autor
245 10 - TITULO PROPIAMENTE DICHO
Título Ricardo Camacho
Resto del título el gran espectáculo del mundo
Mención de responsabilidad, etc. texto e investigación Enrique Pulecio ; diseño, concepto gráfico-editorial y edición fotográfica Susana Carrié
250 ## - MENCION DE EDICION
Mención de edición Primera edición
264 #1 - PRODUCCION, PUBLICACION , DISTRIBUCION, FABRICACION Y COPYRIGHT
Lugar de producción, publicación, distribución, fabricación Bogotá, Colombia
Nombre del productor, editor, distribuidor, fabricante Ministerio de Cultura. Programa Nacional de Estímulos
Fecha de de producción, publicación, distribución, fabricación o copyright 2019
300 ## - DESCRIPCION FISICA
Extensión 127 páginas
Otras características físicas ilustraciones, fotografías a color
Dimensiones 29 cm
Material Anexo 1 DVD
336 ## - TIPO DE CONTENIDO
Término de tipo de contenido texto
Código de tipo de contenido txt
Fuente rdacontent
337 ## - TIPO DE MEDIO
Nombre del tipo de medio sin mediación
Código del tipo de medio n
Fuente rdamedia
338 ## - TIPO DE SOPORTE
Nombre del tipo de soporte volumen
Código del tipo de soporte nc
Fuente rdacarrier
490 0# - MENCION DE SERIE
Mención de serie Premio Nacional de Vida y Obra, 2017
500 ## - NOTA GENERAL
Nota general El DVD acompañante tiene como título: "La tragedia de los telones", un documental de Diego García Moreno
521 ## - NOTA DE PUBLICO DESTINATARIO
Nota público destinatario (R ) Recomendado para un público adulto
546 ## - NOTA DEL IDIOMA
Nota de lengua DVD con subtítulos en ingles
586 ## - NOTA DE PREMIOS
Nota de premios Este homenaje al Director de teatro colombiano recibió el Premio Nacional de Vida y Obra del Ministerio de Cultura, 2017
600 14 - PUNTO DE ACCESO ADICIONAL DE MATERIA - NOMBRE DE PERSONA
Nombre de persona Camacho Guizado, Ricardo
Subdivisión de forma (R ) Biografías
610 2# - PUNTO DE ACCESO ADICIONAL DE MATERIA - NOMBRE DE ENTIDAD CORPORATIVA
Nombre de entidad corporativa o nombre de jurisdicción como elemento inicial Teatro Libre. Bogotá
Subdivisió,n de materia general Historia
650 17 - PUNTO DE ACCESO ADICIONAL DE MATERIA - TERMINO DE MATERIA
Término de materia o nombre geográfico como elemento inicial Directores de teatro colombiano
Subdivisión de forma Biografías
Fuente del encabezamiento LEMB
650 17 - PUNTO DE ACCESO ADICIONAL DE MATERIA - TERMINO DE MATERIA
Término de materia o nombre geográfico como elemento inicial Teatro colombiano
Subdivisión de materia general Historia
Subdivisión cronológica Siglo XX
Fuente del encabezamiento LEMB
700 1# - PUNTO DE ACCESO ADICIONAL - NOMBRE DE PERSONA
Nombre de persona Carrié, Susana
Término indicativo de función editora
700 1# - PUNTO DE ACCESO ADICIONAL - NOMBRE DE PERSONA
Nombre de persona García, Diego
Término indicativo de función guionista
942 ## - ENTRADA DE ELEMENTOS AGREGADOS (KOHA)
Fuente de clasificaión o esquema Dewey Decimal Classification
Koha [por defecto] tipo de item LIbro
Existencias
Perdido Fuente de clasificación o esquema Estado Físico No para préstamo Forma de adquisición Localización permanente Localización actual Localización en estanterías Fecha adquisición Préstamos totales Signatura completa Código de barras Fecha última consulta Número de copia Fecha del precio de reemplazo Tipo de item de Koha
  Dewey Decimal Classification     Colección General Biblioteca Pública Cumaral - Alvaro Garzon Torres Biblioteca Pública Cumaral - Alvaro Garzon Torres Literatura 07/26/2024   927.92023 CUM1323 07/26/2024 Ej.1 07/26/2024 LIbro
  Dewey Decimal Classification     Colección General Biblioteca Pública Lejanias Biblioteca Pública Lejanias General 12/11/2025   927.92023 C15p LEJ01647 12/11/2025 Ej.1 12/11/2025 LIbro
  Dewey Decimal Classification     Colección General Biblioteca Pública Puerto Lleras Biblioteca Pública Puerto Lleras General 05/12/2023   927.92023 C15p PLL00318 05/12/2023 Ej.1 05/12/2023 LIbro
  Dewey Decimal Classification     Colección General Biblioteca Pública Guamal Biblioteca Pública Guamal General 04/19/2023   927.92023 C15p GUA003255 04/19/2023 Ej.1 04/19/2023 LIbro









Instituto Departamental de Cultura del Meta - Red Departamental de Bibliotecas Públicas del Meta.